|
|
|
|
| LEADER |
01566nam a22004214a 4500 |
| 001 |
EBC3420197 |
| 003 |
MiAaPQ |
| 005 |
20200520144314.0 |
| 006 |
m o d | |
| 007 |
cr cn||||||||| |
| 008 |
050314s2005 ctua sb 001 0 eng |
| 010 |
|
|
|z 2005007310
|
| 015 |
|
|
|a GBA579239
|2 bnb
|
| 016 |
7 |
|
|z 013296364
|2 Uk
|
| 020 |
|
|
|z 0300095295 (hardcover : alk. paper)
|
| 035 |
|
|
|a (MiAaPQ)EBC3420197
|
| 035 |
|
|
|a (Au-PeEL)EBL3420197
|
| 035 |
|
|
|a (CaPaEBR)ebr10170888
|
| 035 |
|
|
|a (CaONFJC)MIL173006
|
| 035 |
|
|
|a (OCoLC)923590649
|
| 040 |
|
|
|a MiAaPQ
|c MiAaPQ
|d MiAaPQ
|
| 043 |
|
|
|a n-us---
|
| 050 |
|
4 |
|a HD9437.U62
|b S77 2005
|
| 082 |
0 |
4 |
|a 338.1/765/00973
|2 22
|
| 100 |
1 |
|
|a Striffler, Steve,
|d 1967-
|
| 245 |
1 |
0 |
|a Chicken
|h [electronic resource] :
|b the dangerous transformation of America's favorite food /
|c Steve Striffler.
|
| 260 |
|
|
|a New Haven :
|b Yale University Press,
|c c2005.
|
| 300 |
|
|
|a x, 195 p. :
|b ill.
|
| 490 |
1 |
|
|a Agrarian studies series
|
| 504 |
|
|
|a Includes bibliographical references (p. [173]-191) and index.
|
| 533 |
|
|
|a Electronic reproduction. Ann Arbor, MI : ProQuest, 2015. Available via World Wide Web. Access may be limited to ProQuest affiliated libraries.
|
| 610 |
2 |
0 |
|a McDonald's Corporation.
|
| 650 |
|
0 |
|a Chicken industry
|z United States
|x History.
|
| 650 |
|
0 |
|a Poultry plants
|z United States
|x History.
|
| 655 |
|
4 |
|a Electronic books.
|
| 710 |
2 |
|
|a ProQuest (Firm)
|
| 830 |
|
0 |
|a Yale agrarian studies.
|
| 856 |
4 |
0 |
|u https://ebookcentral.proquest.com/lib/matrademy/detail.action?docID=3420197
|z Click to View
|